000 00578nam a2200181Ia 4500
001 13855
005 20260306164831.0
008 260306t2009||||xx |||||||||||||| ||spa||
041 _aESP
082 _a005.369E
_bA42
100 _aAliaga Valdez, Carlos
_eAUT
245 0 _aFunciones y herramientas de Excel para la gestión financiera:
_bejercicios y problemas resueltos: 144 modelos en Excel 236 preguntas de autoevaluación 503 problemas propuestos
260 _c2009
300 _a731 páginas :
_c20 cm.
650 _aGEN
654 _aCCC
942 _cLIB
_dJUS
_fJUS
_2ddc
_n
999 _c13855
_d13855